| 000 | 01117nam a22002777a 4500 | ||
|---|---|---|---|
| 001 | 686 | ||
| 005 | 20260227090125.0 | ||
| 020 | _a9780545071826 | ||
| 040 |
_aDLC _cDLC _dDLC _beng |
||
| 050 | 0 | 0 |
_aPZ7.N47988 _bHac 2004 |
| 082 | 0 | 0 |
_a[Fic] _222 |
| 100 | 1 | _aNewman, Lesléa. | |
| 245 | 1 | 0 |
_aHachiko waits / _cLesléa Newman ; illustrated by Machiyo Kodaira. |
| 250 | _aFirst Scholastic printing, February 2008 | ||
| 260 |
_aNew York : _bScholastic, _c2004. |
||
| 300 |
_a96 pages : _billustrations : _c23 cm. |
||
| 505 | _aR | ||
| 520 | _aProfessor Ueno's loyal Akita, Hachiko, waits for him at the train station every afternoon, and even after the professor has a fatal heart attack while at work, Hachiko faithfully continues to await his return until the day the dog dies. Based on a true story; includes an author's note and glossary of Japanese words. | ||
| 521 |
_a770
_bLexile |
||
| 521 |
_aR
_bRaz-Plus |
||
| 650 | 1 |
_aAkita dogs _vFiction. |
|
| 650 | 1 |
_aDogs _vFiction. |
|
| 700 | 1 |
_aKodaira, Machiyo, _eillustrator. |
|
| 906 |
_a7 _bcbc _corignew _d1 _eocip _f20 _gy-gencatlg |
||
| 942 |
_2ddc _cBK _n0 |
||
| 999 |
_c686 _d686 |
||